One minute to midnight / (No. rekod 1833)

000 -LEADER
fixed length control field 01298nam a2200217 a 4500
003 - CONTROL NUMBER IDENTIFIER
control field KPN
005 - DATE AND TIME OF LATEST TRANSACTION
control field 20260427120826.0
008 - FIXED-LENGTH DATA ELEMENTS--GENERAL INFORMATION
fixed length control field 20260427b 00| 0 eng d
020 ## - INTERNATIONAL STANDARD BOOK NUMBER
International Standard Book Number 9780099564638
Terms of availability RM31.90
Qualifying information paperback
040 ## - CATALOGING SOURCE
Transcribing agency KPN
082 04 - DEWEY DECIMAL CLASSIFICATION NUMBER
Classification number BI FD SIL 2011
Edition number 23
090 20 - LOCALLY ASSIGNED LC-TYPE CALL NUMBER (OCLC); LOCAL CALL NUMBER (RLIN)
Local cutter number (OCLC) ; Book number/undivided call number, CALL (RLIN) BI FD SIL 2011
100 1# - MAIN ENTRY--PERSONAL NAME
Personal name Silver, Amy
245 10 - TITLE STATEMENT
Title One minute to midnight /
Statement of responsibility, etc. Amy Silver
260 ## - PUBLICATION, DISTRIBUTION, ETC.
Place of publication, distribution, etc. London :
Name of publisher, distributor, etc. Arrow Books,
Date of publication, distribution, etc. 2011
300 ## - PHYSICAL DESCRIPTION
Extent 407 pages ;
Dimensions 20cm.
521 ## - TARGET AUDIENCE NOTE
Target audience note For many years, beginning when she was thirteen, Nicole Blake spent every new year with her three friends: Julian, her first love, Alex, her best friend, and Aidan, her obsession. Together the four had partied hard, suppported each other, and fallen in love. But then tragedy and betrayal tore the friends apart, and Nicole settled down to married life with Dom in London. But in the week running up to New Year's Eve 2011, Nicole and Dom are preparing for a trip to New York to meet up with Aidan and Alex for the first time in years. But with so much left unsaid and unresolved between them all, can they really return to their old friendship? And if they do, Nicole isn't sure she'll ever want to come home again.
650 10 - SUBJECT ADDED ENTRY--TOPICAL TERM
Topical term or geographic name entry element Women in the mass media industry
Form subdivision Fiction
Topical term or geographic name entry element Interpersonal relations
Form subdivision Fiction
942 ## - ADDED ENTRY ELEMENTS (KOHA)
Source of classification or shelving scheme
Koha item type Book
Suppress in OPAC No
Pemilik
Withdrawn status Lost status Source of classification or shelving scheme Damaged status Not for loan Collection code Home library Current library Shelving location Date acquired Total Checkouts Full call number Barcode Date due Date last seen Date last checked out Price effective from Koha item type
          Fiction Perpustakaan Kementerian Perpaduan Malaysia Perpustakaan Kementerian Perpaduan Malaysia Fiction Rack 27/04/2026 1 BI FD SIL 2011 KPN26040066 01/06/2026 11/05/2026 11/05/2026 27/04/2026 Book